| 000 | 00434nam a22001457a 4500 | ||
|---|---|---|---|
| 082 |
_a954.9045 _bSAE _cL-30, P-106 |
||
| 100 |
_aSaeed Ahmed _949141 |
||
| 245 |
_aThe Indo-Pak clash in the rann of kutch _cSaeed Ahmed |
||
| 260 |
_aRawalpindi _bFerozsons _c1973 |
||
| 300 |
_aii, p- 149 _bill, _c15cm |
||
| 526 |
_a0 _b0 _c0 _d954_904500000000000_SAE |
||
| 526 |
_a0 _b0 _c0 _d954_904500000000000_SAE |
||
| 650 |
_aMCE _9379 |
||
| 942 |
_2ddc _cBK |
||
| 999 |
_c551971 _d551971 |
||